000 01233nam0a22003371 4500
001 v19\rc\1877156
005 20251118180303.6
035 _a(NLR Aleph) 004967216
090 _a6046562
_c6046562
100 _a20080221d1910 u y0rusy50 ca
101 0 _arus
102 _aRU
105 _aa z |||a|
200 1 _aПо белу свету. Африка, Война, Холера, Турция и др. [очерки и рассказы]
_fСерг. Мамонтов
210 _aМосква
_cтипо-лит. т-ва И.Н. Кушнерев и К°
_d1910
215 _a[4], II, 157 с.
_cил.
_d25
464 0 _12001#$aАфрика$aВойна$aХолера$aТурция
_tТурция
532 1 3 _aПо белу свету. Африка, Война, Холера, Турция и др. [очерки и рассказы]
700 1 _aМамонтов
_bС.С.
_f1867-1915
_gСергей Саввич
801 0 _aRU
_bNLR
_gpsbo
801 0 _aRU
_bRuMoRGB
_2psbo
801 1 _aRU
_bProSoft-M
_2rusmarc
852 _aNLR
_j38.77.3.15
852 _aNLR
_j127/3536
899 _aRuMoRGB
_jU 53/78
899 _aRuMoRGB
_jT 91/121
899 _aБАН
899 _aГПИБ
942 _cBOOK
980 _aNB